Los infiernos de Madrid (Record no. 157109)

MARC details
000 -LEADER
campo de control de longitud fija 01293nam a22002535i 4500
001 - NÚMERO DE CONTROL
campo de control 157109
003 - IDENTIFICADOR DE NÚMERO DE CONTROL
campo de control ES-MaACL
005 - FECHA Y HORA DE LA ÚLTIMA TRANSACCIÓN
campo de control 20250824074923.0
008 - DATOS DE LONGITUD FIJA--INFORMACIÓN GENERAL
campo de control de longitud fija 000308s1867 sp |||| | spa d
040 ## - FUENTE DE CATALOGACIÓN
Centro catalogador/agencia de origen CAM
Lengua de catalogación spa
Centro/agencia transcriptor CAM
100 1# - ENTRADA PRINCIPAL--NOMBRE DE PERSONA
Nombre de persona Larra y Wetoret, Luis Mariano de,
Fechas asociadas al nombre 1830-1901
9 (RLIN) 70289
245 14 - MENCIÓN DEL TÍTULO
Título Los infiernos de Madrid
Resto del título : zarzuela fantástica en tres cuadros y once viñetas /
Mención de responsabilidad, etc. letra de Luis Mariano de Larra ; música de José Rogel.
260 ## - PUBLICACIÓN, DISTRIBUCIÓN, ETC.
Lugar de publicación, distribución, etc. Madrid :
Nombre del editor, distribuidor, etc. [s.n.],
Fecha de publicación, distribución, etc. 1867 (
Fabricante Imprenta de José Rodriguez)
300 ## - DESCRIPCIÓN FÍSICA
Extensión 97 p. ;
Dimensiones 20 cm.
490 1# - MENCIÓN DE SERIE
Mención de serie El teatro: colección de obras dramáticas y líricas
500 ## - NOTA GENERAL
Nota general En port.: Estrenada en el teatro de los Bufos Madrileños (Circo) el 19 de diciembre de 1867.
500 ## - NOTA GENERAL
Nota general Solo la letra.
598 ## - NOTA LOCAL
Nota local Mención de serie tomada de la cub.
700 1# - ENTRADA AGREGADA--NOMBRE PERSONAL
Nombre de persona Rogel, José.
9 (RLIN) 131984
830 03 - PUNTO DE ACCESO ADICIONAL DE SERIE-TÍTULO UNIFORME
Título uniforme El teatro: colección de obras dramática y líricas
9 (RLIN) 221753
852 ## - LOCALIZACIÓN
Ubicación ES-MaACL
Número de control de estantería F-8611(9)
Nota libre -- Enc. pasta española
condición física -- Falto de la cub. original
Nota libre -- Enc. en un vol. facticio formando parte de la col. facticia "Teatro español moderno", vol. 66
852 ## - LOCALIZACIÓN
Ubicación ES-MaACL
Número de control de estantería D-2486(7)
Nota libre -- Enc. hol. conservando la cub. original
-- -- Legado M. de la Fuente
-- -- Enc. en un vol. facticio
Holdings
Estatus retirado Estado de pérdida Estado de daño No para préstamo Colección Biblioteca de origen Biblioteca actual Ubicación en estantería Fecha de adquisición Total de préstamos Signatura topográfica completa Código de barras Visto por última vez Precio de reemplazo Tipo de ítem Koha
        Libros del s. XIX Biblioteca del Ateneo de Madrid Biblioteca del Ateneo de Madrid Sala Valle Inclán 17/01/2008   D-2486(7) 901164384 23/02/2023 23/02/2023 Libro impreso antiguo
        Libros del s. XIX Biblioteca del Ateneo de Madrid Biblioteca del Ateneo de Madrid Sala Pecera Planta 2 17/01/2008   F-8611(9) 1164383 23/02/2023 23/02/2023 Libro impreso antiguo